La utopía republicana: ideales y realidades en la formación de la cultura pólitica peruana 1871-1919

Guardat en:
Dades bibliogràfiques
Autor principal: Mc Evoy, Carmen (autora)
Format: Llibre
Idioma:espanyol
Publicat: Lima Pontificia Universidad Católica del Perú 1997
Matèries:
Etiquetes: Afegir etiqueta
Sense etiquetes, Sigues el primer a etiquetar aquest registre!

MARC

LEADER 00000nam a2200000 a 4500
001 UCR6844
003 CL-VaPUC
008 980424e19970000PE |||||||||||||||||spa|d
020 |a 9972420620 
082 0 4 |a 321  |b MCE  |2 21 
100 |a Mc Evoy, Carmen  |e autora  |9 562869 
245 1 3 |a La utopía republicana: ideales y realidades en la formación de la cultura pólitica peruana 1871-1919 
300 |a 467 p 
942 |c BK 
945 |d 19980424 00:00:00  |a rbrito 
260 |a Lima  |b Pontificia Universidad Católica del Perú  |c 1997 
650 0 |a Cultura política  |9 257401 
650 0 |a Política y gobierno  |9 255151 
650 0 |a Historia de Perú  |9 363780 
651 0 |a Perú  |9 256567 
583 |a last modification  |c 20160829 11:18:34  |k Rodrigo Vera 
999 |c 268749  |d 268747 
952 |0 0  |1 0  |4 0  |6 321_000000000000000_MCE_1997  |7 0  |8 A  |9 302053  |a BIBDER  |b BIBDER  |d 2019-11-20  |i 340904K  |o 321 MCE 1997  |p 340904K  |r 2023-01-25  |w 2019-11-20  |y BK  |k DER 
952 |0 0  |1 0  |4 0  |6 321_000000000000000_MCE_1997  |7 0  |8 A  |9 302054  |a BIBHIS  |b BIBHIS  |d 2019-11-20  |i 3937313  |l 3  |m 1  |o 321 MCE 1997  |p 3937313  |r 2025-01-20  |s 2023-06-14  |w 2019-11-20  |y BK  |k HIS